Normal view
MARC view
- M.P. Tandon & R. Tandon
Entry Personal Name
001 - CONTROL NUMBER
- control field: 4569
003 - CONTROL NUMBER IDENTIFIER
- control field: OSt
005 - DATE AND TIME OF LATEST TRANSACTION
- control field: 20220523053623.0
008 - FIXED-LENGTH DATA ELEMENTS
- fixed length control field: 220523|| aca||aabn | a|a d
040 ## - CATALOGING SOURCE
- Original cataloging agency: OSt
- Transcribing agency: OSt
100 ## - HEADING--PERSONAL NAME
- Personal name: M.P. Tandon & R. Tandon
670 ## - SOURCE DATA FOUND
- Source citation: Work cat.: (OSt)3662: Tandon, M.P. 4261, Comparetive Constitutional Law:, c1987
